Souiriers de l'ancienne France

Guardado en:
Bibliografiske detaljer
Hovedforfatter: Valliers, Jean des
Format: Bog
Sprog:Undetermined
Udgivet: París, Francia Les editions de Paris 1958
Fag:
Tags: Tilføj Tag
Ingen Tags, Vær først til at tagge denne postø!

MARC

LEADER 00000nam a2200000Ia 4500
008 170316s9999 xx 000 0 und d
090 |a 840 V-3s 
100 |a Valliers, Jean des 
245 |a Souiriers de l'ancienne France 
260 |a París, Francia 
260 |b Les editions de Paris 
260 |c 1958 
300 |a 258 páginas 
650 |a LITERATURA FRANCESA 
999 |c 23458  |d 23458 
040 |a cru BVZT 
942 |c 15 D  |h 840 V-3s  |2 z